| 000 | 00413nam a2200157Ia 4500 | ||
|---|---|---|---|
| 999 |
_c30091 _d30091 |
||
| 003 | OSt | ||
| 005 | 20250623103406.0 | ||
| 008 | 250310s9999||||xx |||||||||||||| ||und|| | ||
| 040 | _c. | ||
| 082 |
_a923.242 _bJ653 |
||
| 100 |
_96014 _aJohn, Duke of Bedford |
||
| 245 | 0 |
_aA silver-plated spoon / _cJohn, Duke of Bedford |
|
| 260 |
_aLondon : _bThe reprint society ltd, _c1960. |
||
| 300 | _a222 p. | ||
| 942 |
_cBK _2ddc |
||